| 000 | 01400nam a2200361Ia 4500 | ||
|---|---|---|---|
| 001 | Z_6619 | ||
| 003 | CHAP | ||
| 005 | 20230630150605.0 | ||
| 008 | 220113s2014 xx 000 0 und d | ||
| 010 | _a169891 | ||
| 040 | _cCHAP | ||
| 090 | _aTesis A93 2350 | ||
| 100 | 1 |
_aAyala Mariano, Sergio Abraham _9127073 |
|
| 245 |
_aEfecto del número de partode ovejas criollas en la eficiencia de un protocolo de sincronización de celos con esponjas intravaginales / _cSergio Abraham Ayala Mariano y Gonzalo Ochoa Esparza |
||
| 260 |
_aMéxico : _bEl autor, _c2014 |
||
| 300 | _a32 p. | ||
| 502 | _aTesis (Ingeniero Agrónomo Especialista en Zootecnia) -- UACh, 2014 \ Dirección: Raymundo Rangel Santos; asesoría: Carlos Antonio Apodaca Sarabia y José Ayala Oseguera | ||
| 650 |
_aFolículo preovulatorio _9144736 |
||
| 650 |
_aGanado ovino _9139065 |
||
| 650 |
_aIncidencia de celo _9145381 |
||
| 650 |
_aOvejas mutíparas _9145382 |
||
| 650 |
_aOvejas primíparas _9145383 |
||
| 700 |
_a Apodaca Sarabia, Carlos Antonio, asesor _9143286 |
||
| 700 |
_a Ayala Oseguera, José, asesor _9142549 |
||
| 700 |
_a Rangel Santos, Raymundo, director _9139209 |
||
| 700 |
_aOchoa Esparza, Gonzalo, coaut. _9145384 |
||
| 856 | 4 | 2 |
_uhttp://10.13.5.2/tesis/sist109617.pdf _yDescargar PDF |
| 901 | _aTESIS A93 2350 | ||
| 902 | _aM | ||
| 910 | _a2014 | ||
| 942 |
_c2 _2ddc |
||
| 942 |
_c2 _2ddc |
||
| 999 |
_c169891 _d169891 |
||